• 首页
  • 本馆介绍
  • 公告通知
  • 最新文献
  • 馆藏检索
  • 电子资源
  • 读者导购
  • 参考咨询
  • 我的图书馆
  • 登录
  • 详细信息显示
  • 放入我的书架
  • 预约/预借图书
  • 作者相关作品
  • 分类相关作品
  • 丛书相关作品
  • 出版社相关作品

书目信息

  • 表格格式
  • 工作单格式
  • 卡片格式
题名:
自然奇观
    
 
作者: 黄喆生 编写
分册:  
出版信息: 延吉   东北朝鲜民族教育出版社  1992
页数: 130页
开本: 19cm
丛书名: 我爱中华丛书
单 册:
中图分类: S759.992-49
科图分类:
主题词: 自然保护区--中国--少年读物
电子资源:
ISBN: 7-5437-1183-4
000 00822nam2 2200265 450
001 0100420608
005 20101125101721.0
010    @a7-5437-1183-4@dCNY1.95
011    @a7-5437-1183-4
100    @a20021005d1992 cdmy0chiy0110 ea
101 0  @achi
102    @aCN@b220000
105    @af z 000yy
106    @ar
200 1  @a自然奇观@9Zi Ran Qi;Ji Guan @f黄喆生编写@b专著
210    @a延吉@c东北朝鲜民族教育出版社@d1992
215    @a130页@c插图@d19cm
225 2  @a我爱中华丛书@f贾 斌主编
330    @a本书介绍卧龙、神龙架、西双版纳、天鹅湖、扎龙、长白山等自然保护区的美丽风光。
410  0 @12001 @a我爱中华丛书
606 0  @a自然保护区@y中国@x少年读物
690    @aS759.992-49@v3
701  0 @a黄喆生@9huang zhe sheng@4编写
801  0 @aCN@bAiZhiMarc@c19930914
905    @aBZT@dS759.992@e15@f2@sS759.992/15
    
    自然奇观/黄喆生编写.-延吉:东北朝鲜民族教育出版社,1992
    130页:插图;19cm.-(我爱中华丛书/贾 斌主编)
    
    
    ISBN 7-5437-1183-4:CNY1.95
    本书介绍卧龙、神龙架、西双版纳、天鹅湖、扎龙、长白山等自然保护区的美丽风光。
●
相关链接 在五车中查询图书 在当当中查询图书 在豆瓣中查询图书


正题名:自然奇观     索取号:S759.992/15         预约/预借

序号 登录号 条形码 馆藏地/架位号 状态 备注
1 2000097908   2000097908   旧书回溯/ [索取号:S759.992/15] 在馆    
2 2000097909   2000097909   旧书回溯/ [索取号:S759.992/15] 在馆    
山东省滨州职业学院图书馆 欢迎您!
大连网信软件有限公司© 版权所有